Hospodárska diplomacia Francúzska - nové trendy, inovácie

Nové stratégie fancúzskej diplomacie s cieľom prekonať krízové obdobie svetovej ekonomiky. Podpora a rozvoj priemyselných odvetví strategicky dôležitých pre Francúzsko, akými sú využitie jadrovej energie na civilné účely, automobilový a letecký priemysel, doprava, výskum a technológie v rôznych prie...

Descrizione completa

Salvato in:
Dettagli Bibliografici
Autore principale: Mateašáková, Monika
Natura: Capitolo di libro
Lingua:slovacco
Soggetti:
Tags: Aggiungi Tag
Nessun Tag, puoi essere il primo ad aggiungerne!!

MARC

LEADER 00000nla a2200000 4500
001 0167021
005 20240502072918.5
041 0 |a slo 
044 |a SK 
245 1 0 |a Hospodárska diplomacia Francúzska - nové trendy, inovácie  |c Monika Mateašáková 
520 |a Nové stratégie fancúzskej diplomacie s cieľom prekonať krízové obdobie svetovej ekonomiky. Podpora a rozvoj priemyselných odvetví strategicky dôležitých pre Francúzsko, akými sú využitie jadrovej energie na civilné účely, automobilový a letecký priemysel, doprava, výskum a technológie v rôznych priemyselných oblastiach a vedecká spolupráca so svetovými univerzitami. 
610 2 0 |a Francúzsko 
610 2 0 |a diplomacia hospodárska 
610 2 0 |a spolupráca medzinárodná 
610 2 0 |a rozvoj trvalo udržateľný 
610 2 0 |a diplomati 
610 2 0 |a zmluvy o spolupráci 
100 1 |a Mateašáková, Monika